00942nam a2200205Ia 4500008004100000020001800041082001500059100002000074245019200094300002800286490004500314500002700359650017400386700002500560264002800585336002700613337003300640338002800673040003500701161108s9999 xx 000 0 und d a9788429131048 a692.5 M17m aMattos, Aldo D. aMétodos de planificación y control de obras :b del diagrama de barras al BIM /c Aldo D. Mattos, Fernando Valderrama ; prólogo Manuel Javier Martínez Ruiz ; edición Jorge Sainz a311 páginas ;c 24 cm aManuales Universitarios de Edificación aIncluye bibliografía aConstruccion - Presupuestos Y Costos / Construccion - Control De Costos / Industria De La Construccion - Presupuestos Y Costos / Industria De La Construccion - Diagramas aValderrama, Fernando aBarcelona :b Reverté atextobtxt2rdacontent asin mediaciónbn2rdamedia avolumenbnc2rdacarrier aCO-BoRNBPbspaerdacCO-BoRNBP